Deuxiéme plus grandes villes d'Europe - Statistiques

Statistiques générales
  • Ce quiz a été pris 433 fois
    423 depuis la dernière actualisation
  • Le résultat moyen est 19 sur 45
Statistiques - réponses
Pays Deuxiéme ville % Correct
France Marseille
97%
Espagne Barcelone
93%
Italie Milan
91%
Portugal Porto
87%
Allemagne Hambourg
86%
Russie Saint-Pétersbourg
85%
Pays-bas Rotterdam
84%
Pologne Cracovie
81%
Suisse Genève
80%
Belgique Anvers
78%
Monaco Monaco / Monte Carlo
78%
Royaume-Uni Birmingham
76%
Vatican Vatican
70%
Irlande Cork
65%
Gréce Thessalonique
62%
Croatie Split
59%
Suéde Göteborg
58%
Autriche Graz
51%
Norvége Bergen
50%
Roumanie Cluj-Napoca
40%
Tchèque Republique Brno
39%
Ukraine Kharkiv
39%
Lituanie Kaunas
36%
Liechtenstein Vaduz
36%
Danemark Aarhus
35%
Slovenie Maribor
24%
Hongrie Debrecen
23%
Bulgarie Plovdiv
23%
Serbie Novi Sad
19%
Moldavie Tiraspol
19%
Malte Mosta
18%
Luxembourg Esch-sur-Alzette
17%
Slovaquie Košice
15%
Finlande Espoo
14%
Albanie Durrës
13%
Estonie Tartu
13%
Bielorussie Gomel
12%
Bosnie Herzegovina Banja Luka
7%
Lettonie Daugavpils
7%
Andorre Escaldes-Engordany
5%
Macedoine Bitola
4%
Saint Marin Borgo Maggiore
4%
Islande Kópavogur
4%
Montenegro Nikšić
3%
Kosovo Prizren
3%
Aucun quiz correspondant
Distribution des résultats
% des personnes avec chaque résultat
Percentile par nombre de réponses
Votre historique - résultats
Vous n’avez pas pris ce quiz depuis la dernière actualisation